01516cam a22002177a 4500020002200000040000800022082002600030245015500056260010700211300005300318500062100371500004800992650002601040650001101066700002901077700002101106700002001127710003301147710006101180856005701241 a9251053014 (pbk.) cFQG04a597 FOO 2005 A084 Or.10aAquatic telemetry :badvances and applications : proceedings of the Fifth Conference on Fish Telemetry held in Europe, Ustica, Italy, 9-13 June 2003 / aRome :bCOISPA tecnologia & ricerca :bFood and Agriculture Organization of the United Nations,c2005. axiii, 295 p. :bill. (some col.), maps ;c27 cm. a"This volume includes 29 peer-reviewed papers presented at the Fifth Conference on Fish Telemetry held in Europe. The papers cover a wide range of topics on the application of aquatic telemetry in the field of human impact, fishery management and aquaculture. Evaluations of the barriers' effects on the migrations of both juvenile and adult fish are presented and discussed. New results on migratory patterns and habitat utilization are reported, elucidating behavioural ecology of several freshwater and marine species. Advances in methodology and new technology are also described and examined."--P. [4] of cover. a"TC/M/Y5999E/1/5.05/2515"--P. [4] of cover. 0aAnimal radio tracking 0aFishes1 aSpedicato, Maria Teresa.1 aLembo, Giuseppe,1 aMarmulla, Gerd.2 aCOISPA tecnologia & ricerca.2 aFood and Agriculture Organization of the United Nations.41uhttp://www.loc.gov/catdir/toc/fy0702/2006484063.html